<?xml version="1.0" encoding="UTF-8"?>
<collection xmlns="http://www.loc.gov/MARC21/slim">
  <record>
    <leader>00000nam  2200000   4500</leader>
    <controlfield tag="001">INLIS000000000017351</controlfield>
    <controlfield tag="005">20240726030042</controlfield>
    <datafield tag="035" ind1="#" ind2="#">
      <subfield code="a">0010-0724000084</subfield>
    </datafield>
    <controlfield tag="007">ta</controlfield>
    <controlfield tag="008">240726################g##########0#ind##</controlfield>
    <datafield tag="020" ind1="#" ind2="#">
      <subfield code="a">978 979 732 154 1</subfield>
    </datafield>
    <datafield tag="082" ind1="#" ind2="#">
      <subfield code="a">355.03</subfield>
    </datafield>
    <datafield tag="084" ind1="#" ind2="#">
      <subfield code="a">355.03 HUN p</subfield>
    </datafield>
    <datafield tag="100" ind1="1" ind2="#">
      <subfield code="a">Huntington, Samuel P.</subfield>
    </datafield>
    <datafield tag="245" ind1="1" ind2="#">
      <subfield code="a">Prajurit dan Negara :</subfield>
      <subfield code="b">Teori dan Politik Hubungan Militer-Sipil /</subfield>
      <subfield code="c">Samuel P. Huntington</subfield>
    </datafield>
    <datafield tag="260" ind1="#" ind2="#">
      <subfield code="a">Jakarta :</subfield>
      <subfield code="b">Grasindo,</subfield>
      <subfield code="c">2003</subfield>
    </datafield>
    <datafield tag="300" ind1="#" ind2="#">
      <subfield code="a">565 halaman :</subfield>
      <subfield code="b">ilus ;</subfield>
      <subfield code="c">23 cm</subfield>
    </datafield>
    <datafield tag="650" ind1="#" ind2="4">
      <subfield code="a">Militerisme</subfield>
    </datafield>
    <datafield tag="520" ind1="#" ind2="#">
      <subfield code="a">Buku ini menyajikan sebuah teori mengenai hubungan militer sipil. Para pembaca akan mendapatkan begitu banyak hal bersejarah, khususnya mengenai sejarah Amerika Serikat, demikian pula sejarah Eropa dan Asia. Namun buku ini tidak berusaha menyajikan gambaran sejarah mengenai hubungan militer-sipil secara umum ataupun secara khusus. Melainkan berusaha untuk mengembangkan suatu cara pandang dan cara berpikir mengenai hubungan militer-sipil, atau singkatnya suatu kerangka teori. Pemahaman memerlukan teori; teori memerlukan konsep; konsep memerlukan penyederhanaan dan pengurutan kenyataan. Tidak ada satu teori pun yang dapat menjelaskan kenyataan, dan barangkali para pembaca akan menilai bahwa seringkali konsep dan perbedaan yang digambarkan di sini terlalu tajam dan tegas serta jauh dari kenyataan yang sebenarnya. Tentu saja, dunia nyata merupakan perpaduan antara hal-hal yang tidak masuk akal dan ganjil; berbagai bentuk kepribadian, lembaga-lembaga, dan keyakinan yang sebenarnya tidak sesuai dengan kategori logis yang tersusun rapi. Namun kategori yang rapi sangatlah penting jika manusia memikirkan hal-hal yang baik mengenai dunia dimana ia hidup dan mengambil berbagai pelajaran dari hal tersebut untuk penerapan dan penggunaan yang lebih luas. Ia harus menggeneralisir fenomena yang tidak selalu berfungsi sesuai dengan hukum hasil pemikiran manusia. Satu ukuran dari sebuah teori adalah kemampuannya untuk mencakup dan menjelaskan realita secara lebih baik dibandingkan dengan teori lainnya. Studi mengenai hubungan militer-sipil telah diabaikan karena terlalu sedikit teori yang membahasnya.</subfield>
    </datafield>
    <datafield tag="990" ind1="#" ind2="#">
      <subfield code="a">04018119</subfield>
    </datafield>
  </record>
</collection>
